000 00484nam a2200193 a 4500
001 1754829521002
003 ACL
005 20250810181104.0
008 250810s1996##################000#0#eng##
020 _a9780521565059
082 0 4 _a959.01
_bHIG
100 1 _aHigham, Charles,
_eauthor.
245 1 0 _aThe Bronze Age of Southeast Asia :
260 _bCambridge University Press,
_c1996.
300 _a404 pages
650 0 _aArt.
942 _cENGLISH
040 _aACL
_beng
_cACL
999 _c579926
_d579926